| 000 | 00839nam a2200241 a 4500 | ||
|---|---|---|---|
| 999 |
_c11405 _d11405 |
||
| 001 | 11405 | ||
| 003 | BD-JhCC | ||
| 005 | 20200616134008.0 | ||
| 008 | 190911b 2018bg |||| ||a| 000 0 ben d | ||
| 020 | _a9789849316916 | ||
| 035 | _a(BD-JhCC)11405 | ||
| 040 |
_aBD-JhCC _dBD-JhCC |
||
| 041 | _aben | ||
| 082 |
_bBAR 2018 _a891.5511 |
||
| 100 | _aবার্কস, কোলম্যান | ||
| 245 |
_aদ্য সোল অব রুমী / _cকোলম্যান বার্কস, অনু: আনোয়ার হোসেইন মঞ্জ । |
||
| 260 |
_aঢাকা: _bনালন্দা; _c২০১৮. |
||
| 300 |
_a৩৬৮ পৃ. : _c২২ সেমি. |
||
| 650 | _aPoetry | ||
| 700 | _a মঞ্জ, আনোয়ার হোসেইন | ||
| 942 |
_2ddc _cBK _04 |
||